Cities Sorting Gallery III Quiz Stats

Quiz Updated Sep 15, 2016

Challenge
Share
Tweet
Embed
Score 0/55 Timer 07:00
21 Plays Today
% Correct
Paris
97.9%
Bordeaux
97.7%
Marseille
96%
Sydney
95.8%
Nice
95.5%
Lyon
95.3%
Brisbane
95.1%
Melbourne
95%
Buenos Aires
94.8%
Athens
93.8%
Canberra
93.8%
Perth
92.9%
Toulouse
92.3%
Adelaide
91.6%
Nairobi
89.4%
Lille
89.2%
Darwin
88.3%
Alice Springs
87%
Manila
86.1%
Thessaloniki
85.9%
Mecca
85.7%
Montpellier
85.5%
Riyadh
83%
Rhodes
81%
Mar del Plata
80.6%
Reims
78.9%
Heraklion
78.3%
La Plata
78.3%
% Correct
Córdoba
77.9%
Tallinn
77.4%
Jeddah
76.8%
San Miguel de Tucumán
75.2%
Mombasa
74.2%
Hobart
74%
Strasbourg
73.7%
Medina
71.5%
Bandar Seri Begawan
68.8%
Nakuru
67.4%
Mendoza
64.9%
Patras
64.1%
Kisumu
63.3%
Nyeri
62.9%
Rosario
62.2%
Resistencia
61.1%
Quezon City
60.8%
Ta'if
58.2%
Kuala Belait
52.4%
Tartu
50%
Cagayan de Oro
44.3%
Larissa
39.2%
Narva
38.3%
Garissa
36%
Cotonou
29.8%
Caloocan
29.1%
Eldoret
23.5%

You're not logged in!

Compare scores with friends on all Sporcle quizzes.
Join for Free
OR
Log In

You Might Also Like...

Show Comments

Extras

Top Quizzes Today


Score Distribution

Your Account Isn't Verified!

In order to create a playlist on Sporcle, you need to verify the email address you used during registration. Go to your Sporcle Settings to finish the process.

Report this User

Report this user for behavior that violates our Community Guidelines.

Details: